The role of information in designing social policy towards externalities (Registro nro. 25685)
[ vista simple ]
| 000 -LEADER | |
|---|---|
| fixed length control field | 00396 a2200121 4500 |
| 001 - CONTROL NUMBER | |
| control field | ART_11632 |
| 005 - DATE AND TIME OF LATEST TRANSACTION | |
| control field | 20260410161858.0 |
| 008 - FIXED-LENGTH DATA ELEMENTS--GENERAL INFORMATION | |
| fixed length control field | 260409a |
| 100 1# - MAIN ENTRY--PERSONAL NAME | |
| Personal name | Ordover, Janusz A. |
| 245 10 - TITLE STATEMENT | |
| Title | The role of information in designing social policy towards externalities |
| 700 1# - ADDED ENTRY--PERSONAL NAME | |
| Personal name | Willig, R.D. |
| 773 0# - HOST ITEM ENTRY | |
| Title | Journal of public economics |
| Related parts | - Vol. 12, Nº 3 (dic. 1979) |
| Record control number | REV11485 |
No hay ítems disponibles.